Payment by Results. (Record no. 4130)
[ view plain ]
| 000 -LEADER | |
|---|---|
| fixed length control field | 00331nam a22001337a 4500 |
| 008 - FIXED-LENGTH DATA ELEMENTS--GENERAL INFORMATION | |
| fixed length control field | 250704b |||||||| |||| 00| 0 eng d |
| 020 ## - INTERNATIONAL STANDARD BOOK NUMBER | |
| ISBN | 9221036529 |
| 100 ## - MAIN ENTRY--AUTHOR | |
| Author | GENVENA |
| 245 ## - TITLE STATEMENT | |
| Title | Payment by Results. |
| 260 ## - PUBLICATION, DISTRIBUTION, ETC. (IMPRINT) | |
| Place of publication | Switzerland |
| Name of publisher | International Labour Office |
| Date of publication | 1984 |
| 300 ## - COLLATION | |
| Pagination | xii, 164p. |
| 942 ## - ADDED ENTRY ELEMENTS (KOHA) | |
| Item type | Books |
| 050 ## - LIBRARY OF CONGRESS CALL NUMBER | |
| Classification number | HD7801 |
| Item number | .P39 |
| Source of classification or shelving scheme | Not for loan | Permanent location | Current location | Date acquired | Accession No. | Full call number | Barcode. | Koha item type |
|---|---|---|---|---|---|---|---|---|
| Library of Congress Classification | Samuel Ogbemudia Main Library, University of Abuja | Samuel Ogbemudia Main Library, University of Abuja | 07/04/2025 | 92/009444 | HD7801.P39 | 2025-2866 | Books |